00230nam a2200097Ia 4500008004100000082001400041100002100055245002600076260001800102600001200120241002s9999 xx 000 0 und d a923.2 MAR aMartin, Kingsley 0aNew statesman profile aBombay:c1959 aHistory